Введение в лингвистику: учебное пособие для студентов педагогических вузов

Sonraí bibleagrafaíochta
Príomhchruthaitheoir: Мильруд Р. П. Радислав Петрович
Achoimre:Пособие знакомит с основными направлениями лингвистической науки и способами исследования языка. Данное пособие можно с успехом использовать как в системе высшего образования, так и для повышения квалификации учителей английского языка.
Teanga:Béarla
Foilsithe / Cruthaithe: Москва, Дрофа, 2005
Sraith:Высшее педагогическое образование
Ábhair:
Formáid: MixedMaterials LEABHAR
KOHA link:https://koha.lib.tpu.ru/cgi-bin/koha/opac-detail.pl?biblionumber=127557

MARC

LEADER 00000nam0a2200000 4500
001 127557
005 20231101220048.0
010 |a 5710779628 
035 |a (RuTPU)RU\TPU\book\137997 
090 |a 127557 
100 |a 20071217d2005 m y0rusy50 ca 
101 0 |a eng 
102 |a RU 
105 |a a j 001zy 
200 1 |a Введение в лингвистику  |d Introduction to Linguistics  |e учебное пособие для студентов педагогических вузов  |f Р. П. Мильруд 
210 |a Москва  |c Дрофа  |d 2005 
215 |a 138 с.  |c ил. 
225 1 |a Высшее педагогическое образование 
320 |a Библиография: с. 138-139. 
330 |a Пособие знакомит с основными направлениями лингвистической науки и способами исследования языка. Данное пособие можно с успехом использовать как в системе высшего образования, так и для повышения квалификации учителей английского языка. 
606 1 |a Английский язык  |x Учебные руководства и пособия  |x Учебные руководства и пособия для высшей школы  |2 stltpush  |3 (RuTPU)RU\TPU\subj\29071  |9 52483 
610 1 |a лексика 
610 1 |a лингвистика 
610 1 |a упражнения 
686 |a Ш143.21-923  |v LBC/SL-A  |2 rubbk 
700 1 |a Мильруд  |b Р. П.  |g Радислав Петрович 
801 1 |a RU  |b 63413507  |c 20071217  |g PSBO 
801 2 |a RU  |b 63413507  |c 20140303  |g PSBO 
942 |c BK 
959 |a 94/20071214  |d 1  |e 0  |f ЧЗИЛ:1